| 000 | 00753nam a2200217 a 4500 | ||
|---|---|---|---|
| 999 |
_c8309 _d8309 |
||
| 001 | 8309 | ||
| 003 | BD-JhCC | ||
| 005 | 20200205134007.0 | ||
| 008 | 180220s2013 bg a|||| ||a| 000 0 ben d | ||
| 035 | _a(BD-JhCC)8309 | ||
| 040 |
_aBD-JhCC _dBD-JhCC |
||
| 041 | _aben | ||
| 082 |
_a530 _bPHY 2013 |
||
| 245 |
_aপদার্থবিজ্ঞান প্রথম পত্র: _bএকাদশ-দ্বাদশ শ্রেণী / _cতফাজ্জল হোসেন ...[et.al] |
||
| 260 |
_aঢাকা : _bবংলাদেশ বুক করপোরেশন লিঃ; _c2013. |
||
| 300 |
_a328 p. : _bill; _c23 cm. |
||
| 651 | _aPhysics | ||
| 700 | _aহোসেন, তফাজ্জল | ||
| 942 |
_2lcc _cBK _04 |
||